000 00515nam a2200169Ia 4500
999 _c8644
_d8644
003 OSt
005 20200826130941.0
008 190216s9999||||xx |||||||||||||| ||und||
020 _a9789812358790
040 _coclc
082 _a650.0285
_bKAL/F
100 _aKalakota, Ravi
_94358
245 0 _aFrontiers Of Electronic Commerce /
_cRavi Kalakota ; Andrew B Whinston
260 _bAddison Wesley,
_c2000.
_aCalifornia:
300 _a850p
942 _cBK
_2ddc
_h650.0285
_iKAL/F
_k650.0285
_mKAL/F